The journal of the Rev. John Wesley... : (Record no. 3105)
[ view plain ]
| 000 -LEADER | |
|---|---|
| fixed length control field | 01337cam a22002771a 4500 |
| 001 - CONTROL NUMBER | |
| control field | 0000003212 |
| 003 - CONTROL NUMBER IDENTIFIER | |
| control field | OSt |
| 005 - DATE AND TIME OF LATEST TRANSACTION | |
| control field | 20140825164049.0 |
| 008 - FIXED-LENGTH DATA ELEMENTS--GENERAL INFORMATION | |
| fixed length control field | 870815s1938 enkbcef 00010 eng d |
| 035 ## - SYSTEM CONTROL NUMBER | |
| System control number | 02190544 |
| 040 ## - CATALOGING SOURCE | |
| Original cataloging agency | MnSLN |
| Transcribing agency | MnSLN |
| Modifying agency | MnSLN |
| -- | PUL |
| 050 ## - LIBRARY OF CONGRESS CALL NUMBER | |
| Classification number | BX8495 |
| Item number | .W5A2 1938 |
| 100 10 - MAIN ENTRY--PERSONAL NAME | |
| Personal name | Wesley, John, |
| Dates associated with a name | 1703-1791. |
| 245 14 - TITLE STATEMENT | |
| Title | The journal of the Rev. John Wesley... : |
| Remainder of title | enlarged from original mss., with notes from unpublished diaries, annotations, maps, and illustrations. |
| Number of part/section of a work | Vol. 1. |
| 250 ## - EDITION STATEMENT | |
| Edition statement | Standard edition. / |
| Remainder of edition statement | Edited by Nehemiah Curnock, assisted by experts... A bicentenary issue 1938. |
| 260 0# - PUBLICATION, DISTRIBUTION, ETC. (IMPRINT) | |
| Place of publication, distribution, etc | London : |
| Name of publisher, distributor, etc | Epworth, |
| Date of publication, distribution, etc | 1938. |
| 300 ## - PHYSICAL DESCRIPTION | |
| Extent | 8 v. : |
| Other physical details | fronts., plates, ports, maps (part. fold.) 2 plans (1 fold.) facsims. (1 fold) fold. diagrs. ; |
| Dimensions | 23 cm. |
| 500 ## - GENERAL NOTE | |
| General note | "A complete reprint of the earlier issue of the Standard edition." - Publisher's note. |
| 500 ## - GENERAL NOTE | |
| General note | "Rev. Nehemiah Curnock...did not live to see the publication of the last two volumes; but he had written most of the final notes, prepared the appendix and much of the additional matter." - Addendum, vol. viii, p. 349-350, signed: John Telford. |
| 590 ## - LOCAL NOTE (RLIN) | |
| Local note | Missing volume 2 |
| 600 ## - SUBJECT ADDED ENTRY--PERSONAL NAME | |
| Personal name | John Wesley. |
| 700 10 - ADDED ENTRY--PERSONAL NAME | |
| Personal name | Curnock, Nehemiah, |
| Dates associated with a name | 1840-1915. |
| 700 10 - ADDED ENTRY--PERSONAL NAME | |
| Personal name | Telford, John, |
| Dates associated with a name | 1851-1936. |
| 908 ## - PUT COMMAND PARAMETER (RLIN) | |
| Put command parameter | 050302 |
| 942 ## - ADDED ENTRY ELEMENTS (KOHA) | |
| Source of classification or shelving scheme | Library of Congress Classification |
| Koha item type | General circulation books |
| Withdrawn status | Lost status | Source of classification or shelving scheme | Damaged status | Not for loan | Home library | Current library | Date acquired | Source of acquisition | Total Checkouts | Full call number | Barcode | Date last seen | Price effective from | Koha item type |
|---|---|---|---|---|---|---|---|---|---|---|---|---|---|---|
| Library of Congress Classification | Presbyterian University of East Africa - Main Library | Presbyterian University of East Africa - Main Library | 26/12/2012 | Donation | BX8495 .W5A2 1938 | 020010003031 | 26/12/2012 | 26/12/2012 | General circulation books |
